Countries of Australia by Last Two Letters - Statistics

General Stats
  • This quiz has been taken 21 times
  • The average score is 13 of 14
Answers on the Map
Answers color-coded by a green-red scale on the quiz's map according to % correct below.
 
Answer Stats
Answer % Correct
Australia
94%
(Federated States of) Micronesia
94%
Fiji
94%
Kiribati
94%
Marshall Islands
94%
New Zealand
94%
Papua New Guinea
94%
Solomon Islands
94%
Palau
89%
Samoa
89%
Tonga
83%
Tuvalu
83%
Vanuatu
83%
Nauru
78%
No matching quizzes found
Score Distribution
Percent of People with Each Score
Percentile by Number Answered
Your Score History
You have not taken this quiz